Criminologie
| Medienart: | Elektronisch Zeitschrift |
|---|---|
| Sprache: | Französisch |
| Veröffentlicht: |
Montréal
Presses de l'Univ.
1975-
|
| In: | Jahr: 1975 |
| Online-Zugang: |
Volltext (Digitalisierung) Volltext (Frontdoor-Url) Volltext (kostenfrei) |
| Verfügbarkeit prüfen: | HBZ Gateway |
| Bände / Aufsätze: | Bände / Aufsätze anzeigen. |
| Schlagwörter: | |
| Parallele Ausgabe: | Nicht-Elektronisch
|
MARC
| LEADER | 00000cas a2200000 c 4500 | ||
|---|---|---|---|
| 001 | 373755422 | ||
| 003 | DE-627 | ||
| 005 | 20260507102807.0 | ||
| 007 | cr ||||||||||| | ||
| 008 | 031120c19759999xxcz| p|o 0 |0fre c | ||
| 016 | 7 | |a 025309420 |2 DE-101 | |
| 016 | 7 | |a 2126751-0 |2 DE-600 | |
| 022 | |a 1492-1367 | ||
| 035 | |a (DE-627)373755422 | ||
| 035 | |a (DE-576)117399159 | ||
| 035 | |a (DE-599)ZDB2126751-0 | ||
| 035 | |a (OCoLC)1368110060 | ||
| 040 | |a DE-627 |b ger |c DE-627 |e rakwb | ||
| 041 | |a fre | ||
| 044 | |c XD-CA | ||
| 082 | 0 | 4 | |a 340 |q DE-600 |
| 084 | |a 2,1 |2 ssgn | ||
| 084 | |a INTRECHT |q DE-1a |2 fid | ||
| 245 | 0 | 0 | |a Criminologie |
| 264 | 3 | 1 | |a Montréal |b Presses de l'Univ. |c 1975- |
| 300 | |a Online-Ressource | ||
| 336 | |a Text |b txt |2 rdacontent | ||
| 337 | |a Computermedien |b c |2 rdamedia | ||
| 338 | |a Online-Ressource |b cr |2 rdacarrier | ||
| 362 | 0 | |a 8.1975 - | |
| 363 | 0 | 1 | |a 8 |i 1975 |
| 591 | |a 34!(10-08-11) | ||
| 655 | 7 | |a Zeitschrift |0 (DE-588)4067488-5 |0 (DE-627)10454466X |0 (DE-576)20917000X |2 gnd-content | |
| 776 | 1 | |x 0316-0041 | |
| 776 | 0 | 8 | |i Erscheint auch als |n Druck-Ausgabe |t Criminologie |d Montréal : Pr. de l'Univ., 1975 |w (DE-627)129889520 |w (DE-600)302271-7 |w (DE-576)01519616X |x 0316-0041 |k Non-Electronic |
| 856 | 4 | 0 | |u https://www.erudit.org/fr/revues/ac/ |x Verlag |z kostenfrei |7 0 |
| 856 | 4 | 0 | |u https://www.jstor.org/journal/criminologie |x Digitalisierung |7 1 |
| 856 | 4 | 0 | |u https://ezb.ur.de/?2126751-0 |x Frontdoor-Url |7 1 |
| 912 | |a ZDB-1-JMC | ||
| 912 | |a ZDB-1-JP1 | ||
| 912 | |a ZDB-1-JA12 | ||
| 912 | |a ZDB-1-JAJP | ||
| 935 | |a mkri | ||
| 951 | |a JT | ||
| ELC | |a 1 | ||
| LOK | |0 000 xxxxxcy a22 3n 4500 | ||
| LOK | |0 001 4963007886 | ||
| LOK | |0 003 DE-627 | ||
| LOK | |0 004 373755422 | ||
| LOK | |0 005 20260504160614 | ||
| LOK | |0 007 ccruuuuuuuuuuuu | ||
| LOK | |0 008 260504||||||||||||||||ger||||||| | ||
| LOK | |0 035 |a (DE-600)129152598X | ||
| LOK | |0 040 |a DE-21 |c DE-627 |d DE-21 | ||
| LOK | |0 092 |o k | ||
| LOK | |0 093 |e Volltext online u. Druckausg. |f Konsortiallizenz |g Kostenpflichtig | ||
| LOK | |0 852 |a DE-21 | ||
| LOK | |0 852 1 |9 00 | ||
| LOK | |0 85640 |u https://ezb.ur.de/detail.phtml?bibid=UBTUE&jour_id=36484 |x EZB | ||
| LOK | |0 85901 |8 1.1 |a 8 |i 1975 | ||
| LOK | |0 86630 |a 8.1975 - | ||
| LOK | |0 912 |a jstor_complete | ||
| LOK | |0 935 |a cofz |a zezb | ||
| LOK | |0 938 |l Volltext online u. Druckausg. |8 0 | ||
| LOK | |0 938 |l Konsortiallizenz |8 1 | ||
| LOK | |0 938 |l Kostenpflichtig |8 2 | ||
| LOK | |0 939 |a 2026-05-01 |b zez | ||
| LOK | |0 000 xxxxxnx a22 zn 4500 | ||
| LOK | |0 001 4508639321 | ||
| LOK | |0 003 DE-627 | ||
| LOK | |0 004 373755422 | ||
| LOK | |0 005 20240408165344 | ||
| LOK | |0 007 ccruuuuuuuuuuuu | ||
| LOK | |0 008 240408||||||||||||||||ger||||||| | ||
| LOK | |0 035 |a (DE-600)129152598X | ||
| LOK | |0 040 |a DE-2619 |c DE-627 |d DE-2619 | ||
| LOK | |0 092 |o n | ||
| LOK | |0 852 |a DE-2619 | ||
| LOK | |0 852 1 |9 00 | ||
| LOK | |0 85640 |u https://ezb.ur.de/detail.phtml?bibid=UBTUE&jour_id=36484 |x EZB | ||
| LOK | |0 85901 |8 1.1 |a 8 |i 1975 | ||
| LOK | |0 866 |x Z=649 | ||
| LOK | |0 86630 |a 8.1975 - | ||
| LOK | |0 912 |a jstor_complete | ||
| LOK | |0 935 |a zota | ||
| LOK | |0 938 |l Volltext online u. Druckausg. |8 0 | ||
| LOK | |0 938 |l Konsortiallizenz |8 1 | ||
| LOK | |0 938 |l Kostenpflichtig |8 2 | ||
| LOK | |0 939 |a 2024-04-08 |b l01 | ||
| OAS | |a 1 | ||
| ORI | |a WA-MARC-krimdoka001.raw | ||
| SPR | |a 1 |t KRI | ||
